Leif the unlucky /

Faced with increasingly harsh winters and deteriorating morale in fifteenth-century Greenland, a young man struggles to rally the last few surviving Norse colonists, who feel their only hope is rescue by ships from Norway.

Bibliographic Details
Main Author: Haugaard, Erik Christian
Format: Book
Language:English
Published: Boston : Houghton Mifflin, 1982.
Subjects:

MARC

Tag First Indicator Second Indicator Subfields
LEADER 00000pam a2200000 a 4500
001 in00000049968
005 20151007075929.0
008 820205s1982 maubf j 00011 eng
010 |a  82001053  
020 |a 0395321565 
035 |a (OCoLC)08195685 
035 |9 AAF4015AM 
039 0 |a 2  |b 3  |c 3  |d 3  |e 3 
040 |a DLC  |c DLC  |d TXA  |d UtOrBLW 
049 |a [Curr Col] TXAM  |c [1443310] 
050 0 0 |a PZ7 H286  |b  Le 1982 
082 0 |a [Fic]  |2 19 
100 1 |a Haugaard, Erik Christian. 
245 1 0 |a Leif the unlucky /  |c Erik Christian Haugaard. 
264 1 |a Boston :  |b Houghton Mifflin,  |c 1982. 
300 |a x, 206 pages, 2 unnumbered pages of plates :  |b map ;  |c 22 cm. 
336 |a text  |b txt  |2 rdacontent 
337 |a unmediated  |b n  |2 rdamedia 
338 |a volume  |b nc  |2 rdacarrier 
520 |a Faced with increasingly harsh winters and deteriorating morale in fifteenth-century Greenland, a young man struggles to rally the last few surviving Norse colonists, who feel their only hope is rescue by ships from Norway. 
651 1 |a Greenland  |x History  |x Juvenile fiction. 
651 1 |a Greenland  |x History  |x Fiction. 
999 |a MARS 
999 f f |s 2119b41f-b1e3-3d98-9f23-d6b9ddf27aaf  |i f2b03b72-1ce1-3b19-be49-de05f0a1c926  |t 0 
952 f f |p ric  |a Texas A&M University  |b Rellis Campus  |c Joint Library Facility  |d Remote Storage  |t 0  |e PZ7 H286 Le 1982  |h Library of Congress classification  |i unmediated -- volume  |m A14805938988 
998 f f |a PZ7 H286 Le 1982  |t 0  |l Remote Storage